00000000nas##2200000za#4500
0019.509508
003CaOODSP
00520260106135326
007ta
008150406c1994||||xxc|| m #||||f|   |0eng|d
040 |aCaOODSP|beng
041 |aeng
041 |afre
043 |an-cn---
0861 |aM91-7
1102 |aCANMET Energy Technology Centre (Canada)
24510|a[Technology report]
260 |aOttawa - Ontario : |bNatural Resources Canada.
310 |aIrregular
77508|t[Rapport technologique] |w(CaOODSP)9.513136
77508|t[Technology report] |w(CaOODSP)9.514782
7760#|t[Rapport technologique] |w(CaOODSP)9.501499
7760#|t[Technology report] |w(CaOODSP)9.504720
792 |t[Rapport technologique] |efre|w(CaOODSP)9.509509